[Event "Campionatul National de sah pe echipe f"]
[Site "Mamaia-Constanta"]
[Date "2013.09.06"]
[Round "7.4"]
[White "Lolici, Iselin-Amanda"]
[Black "Padurariu, Ioana-Smaranda"]
[Result "1/2-1/2"]
[WhiteElo "1931"]
[BlackElo "2205"]
[PlyCount "98"]
[EventDate "2013.08.31"]
[EventRounds "9"]
[WhiteTeam "CSM LUGOJ"]
[BlackTeam "CS POLITEHNICA-ANTIBIOTICE IASI"]

1. c4 e5 2. g3 Nf6 3. Bg2 c6 4. d4 Bb4+ 5. Bd2 Bxd2+ 6. Qxd2 d6 7. dxe5 dxe5 8.
Qxd8+ Kxd8 9. Nc3 Be6 10. b3 Nbd7 11. Nf3 h6 12. Nd2 Ke7 13. O-O Rhd8 14. f4
Nc5 15. fxe5 Ng4 16. Nf3 Nd7 17. Ne4 Ndxe5 18. h3 Nxf3+ 19. exf3 Ne3 20. Rf2
Nxg2 21. Kxg2 b6 22. f4 f5 23. Nd2 b5 24. Re2 Kf6 25. Rae1 Bf7 26. g4 g6 27.
cxb5 cxb5 28. Nf3 b4 29. Re5 fxg4 30. hxg4 Rac8 31. R1e2 Rc7 32. Nd2 Kg7 33.
Ne4 Rd5 34. Kg3 Rd3+ 35. Kf2 Bd5 36. f5 gxf5 37. gxf5 Rf7 38. Nd6 Rf8 39. Ne8+
Kh8 40. f6 Bc6 41. Re6 Rf3+ 42. Ke1 Bxe8 43. Rxe8 R3xf6 44. Rxf8+ Rxf8 45. Re7
a5 46. Re5 Ra8 47. Rb5 Kg7 48. Kf2 Ra6 49. Kg3 Kg6 1/2-1/2

[Event "Campionatul National de sah pe echipe f"]
[Site "Mamaia-Constanta"]
[Date "2013.09.06"]
[Round "7.1"]
[White "Cosma, Elena-Luminita"]
[Black "Raeva, Elitsa"]
[Result "1/2-1/2"]
[WhiteElo "2328"]
[BlackElo "2292"]
[PlyCount "61"]
[EventDate "2013.08.31"]
[EventRounds "9"]
[WhiteTeam "ACS SAH APA NOVA BUCURESTI"]
[BlackTeam "CS  SÎNANDREI"]

1. d4 Nf6 2. Nf3 b6 3. g3 Bb7 4. Bg2 e6 5. O-O Be7 6. c4 O-O 7. Re1 d5 8. cxd5
exd5 9. Nc3 Na6 10. Bf4 c5 11. Rc1 Nc7 12. dxc5 Bxc5 13. Bxc7 Qxc7 14. Na4 Qe7
15. Nxc5 bxc5 16. e3 Rab8 17. Qc2 Rfc8 18. Qc3 h6 19. h4 Qd8 20. Qa3 Qb6 21.
Rc2 d4 22. exd4 cxd4 23. Rxc8+ Rxc8 24. Rd1 d3 25. Qxd3 Qxb2 26. Qb3 Qxb3 27.
axb3 Bd5 28. b4 Rb8 29. Rd4 Rb5 30. Nd2 Bxg2 31. Kxg2 1/2-1/2

[Event "Campionatul National de sah pe echipe f"]
[Site "Mamaia-Constanta"]
[Date "2013.09.06"]
[Round "7.2"]
[White "Ionica, Iulia-Ionela"]
[Black "Chirita, Andra-Marina"]
[Result "1-0"]
[WhiteElo "2195"]
[BlackElo "2024"]
[PlyCount "69"]
[EventDate "2013.08.31"]
[EventRounds "9"]
[WhiteTeam "CS  SÎNANDREI"]
[BlackTeam "ACS SAH APA NOVA BUCURESTI"]

1. e4 e6 2. d4 d5 3. Nc3 dxe4 4. Nxe4 Bd7 5. c4 Bc6 6. Nc3 Nf6 7. Be3 Bb4 8.
Nf3 Nbd7 9. Be2 O-O 10. O-O Bxc3 11. bxc3 b6 12. Nd2 Bb7 13. Bf3 Bxf3 14. Qxf3
c5 15. Rfd1 Qe7 16. Nf1 Rfd8 17. Bg5 h6 18. Bh4 Rac8 19. Rac1 cxd4 20. cxd4 Qb4
21. Ne3 Re8 22. h3 Qa5 23. Bg3 Qxa2 24. Ra1 Qb2 25. Rxa7 e5 26. d5 Ra8 27. Rc7
Ra1 28. Rxa1 Qxa1+ 29. Kh2 g6 30. d6 Qd4 31. Qc6 Rd8 32. Nd5 Nxd5 33. Rxd7 Rxd7
34. Qxd7 Nf6 35. Qe7 1-0

[Event "Campionatul National de sah pe echipe f"]
[Site "Mamaia-Constanta"]
[Date "2013.09.06"]
[Round "7.3"]
[White "Ilie, Maria-Ruxandra"]
[Black "Rendi, Eva"]
[Result "0-1"]
[WhiteElo "2011"]
[BlackElo "2101"]
[PlyCount "116"]
[EventDate "2013.08.31"]
[EventRounds "9"]
[WhiteTeam "ACS SAH APA NOVA BUCURESTI"]
[BlackTeam "CS  SÎNANDREI"]

1. d4 Nf6 2. Nf3 e6 3. c4 c5 4. d5 b5 5. Bg5 exd5 6. cxd5 h6 7. Bxf6 Qxf6 8.
Nc3 b4 9. Na4 d6 10. e4 g5 11. a3 bxa3 12. Rxa3 Nd7 13. Bb5 Rb8 14. Qb3 Rb7 15.
Nc3 Bg7 16. Qc2 O-O 17. Bc6 Rb4 18. Rxa7 g4 19. Nd2 Ne5 20. Bb5 c4 21. O-O Qh4
22. Kh1 Nf3 23. Nxf3 gxf3 24. g3 Qh3 25. Rg1 Bxc3 26. Qxc3 Rxb5 27. Qxf3 Bg4
28. Qf6 Qh5 29. Ra3 Rfb8 30. Rb1 Be2 31. Qxd6 Bd3 32. Re1 Qf3+ 33. Kg1 Rxb2 34.
Qc5 Re2 35. Rea1 Qxe4 36. d6 Re1+ 37. Rxe1 Qxe1+ 38. Kg2 Bf1+ 39. Kf3 Qe2+ 40.
Kf4 Re8 41. Qd4 Bh3 42. f3 Qe6 43. g4 Rd8 44. Ra6 Bf1 45. Rb6 Bd3 46. h4 Qe2
47. Rb2 Bc2 48. Kg3 Qe1+ 49. Kf4 Bb3 50. Qf6 Qc1+ 51. Ke4 Re8+ 52. Kd5 c3+ 53.
Rxb3 Qd1+ 54. Kc5 Rc8+ 55. Kb4 Rb8+ 56. Kc5 Qxb3 57. d7 Qb5+ 58. Kd6 Qb6+ 0-1

[Event "Campionatul National de sah pe echipe f"]
[Site "Mamaia-Constanta"]
[Date "2013.09.06"]
[Round "7.4"]
[White "Nevednicii, Alexandra"]
[Black "Serbanescu, Diana-Maria"]
[Result "1/2-1/2"]
[WhiteElo "1682"]
[BlackElo "1941"]
[PlyCount "106"]
[EventDate "2013.08.31"]
[EventRounds "9"]
[WhiteTeam "CS  SÎNANDREI"]
[BlackTeam "ACS SAH APA NOVA BUCURESTI"]

1. e4 e5 2. Nf3 d6 3. Bc4 Be7 4. d3 Nf6 5. O-O O-O 6. Re1 c6 7. Bb3 Nbd7 8. c3
b6 9. Nbd2 Qc7 10. Nf1 Nc5 11. Bc2 Ne6 12. Ng3 g6 13. d4 Rd8 14. h3 Bf8 15. Bd2
Nf4 16. Qc1 Bh6 17. Kh2 g5 18. Nf5 Bxf5 19. exf5 g4 20. dxe5 dxe5 21. Nxe5 Rxd2
22. Qxd2 Rd8 23. Qc1 Kg7 24. Qb1 Re8 25. g3 Rxe5 26. gxf4 Rxe1 27. Qxe1 Qxf4+
28. Kg1 gxh3 29. Qe3 h2+ 30. Kg2 Nh5 31. Qxf4 Bxf4 32. Kf3 Be5 33. Be4 c5 34.
Ke3 Kf6 35. Rd1 Ke7 36. Bh1 Bd6 37. Kf3 Nf6 38. Re1+ Kd7 39. Kg2 Ng4 40. Re4 h5
41. Kf1 Bc7 42. Bf3 Ne5 43. Bh1 Ng4 44. f3 Nh6 45. f4 Nxf5 46. Kg2 Nd6 47. Re2
Nc4 48. Kf3 h4 49. Rxh2 Bd8 50. Rd2+ Nd6 51. Bg2 Kc7 52. Kg4 Bf6 53. Bd5 Kd7
1/2-1/2

[Event "Campionatul National de sah pe echipe f"]
[Site "Mamaia-Constanta"]
[Date "2013.09.06"]
[Round "7.2"]
[White "Foisor, Cristina-Adela"]
[Black "Olea, Liliana"]
[Result "0-1"]
[WhiteElo "2391"]
[BlackElo "1888"]
[PlyCount "100"]
[EventDate "2013.08.31"]
[EventRounds "9"]
[WhiteTeam "CS AEM LUXTEN TIMISOARA"]
[BlackTeam "CS UNIVERSITATEA ARAD"]

1. c4 Nf6 2. Nc3 c5 3. g3 g6 4. Bg2 Bg7 5. e4 Nc6 6. Nge2 d6 7. d3 O-O 8. Rb1
Bg4 9. a3 Ne8 10. h3 Bxe2 11. Nxe2 Nc7 12. O-O Ne6 13. b4 Qd7 14. h4 Ned4 15.
Nf4 h5 16. Be3 a6 17. Nd5 Qd8 18. bxc5 dxc5 19. Rxb7 Rb8 20. Rxb8 Qxb8 21. Bxd4
Bxd4 22. Qa4 Ne5 23. Nxe7+ Kg7 24. Kh1 Nxd3 25. Nc6 Nxf2+ 26. Rxf2 Qxg3 27.
Nxd4 Qxf2 28. Nf3 Rb8 29. Qd1 Rb2 30. Qg1 Qg3 31. e5 Rf2 32. e6 Rxf3 33. Bxf3
Qxf3+ 34. Kh2 Qe2+ 35. Kh3 Qxe6+ 36. Kh2 Qe2+ 37. Kh3 Qg4+ 38. Qxg4 hxg4+ 39.
Kxg4 Kh6 40. a4 a5 41. Kf4 Kh5 42. Ke5 f5 43. Kd5 f4 44. Kxc5 f3 45. Kb6 f2 46.
c5 f1=Q 47. c6 Qf6 48. Kb7 Qb2+ 49. Ka8 Qg2 50. Kb7 Qe4 0-1

[Event "Campionatul National de sah pe echipe f"]
[Site "Mamaia-Constanta"]
[Date "2013.09.06"]
[Round "7.3"]
[White "Berintan, Teodora"]
[Black "Voicu-Jagodzinsky, Carmen"]
[Result "0-1"]
[WhiteElo "1849"]
[BlackElo "2296"]
[PlyCount "56"]
[EventDate "2013.08.31"]
[EventRounds "9"]
[WhiteTeam "CS UNIVERSITATEA ARAD"]
[BlackTeam "CS AEM LUXTEN TIMISOARA"]

1. d4 Nf6 2. c4 c5 3. d5 e6 4. Nc3 exd5 5. cxd5 d6 6. e4 g6 7. Bg5 Bg7 8. Qd2
O-O 9. f3 Re8 10. g3 a6 11. a4 Nbd7 12. Bg2 Qa5 13. Rc1 b5 14. b3 c4 15. bxc4
Nc5 16. Qc2 b4 17. Nd1 Bd7 18. Kf1 Bxa4 19. Qe2 Nb3 20. Rb1 Nxd5 21. Qd3 Nc3
22. Nxc3 bxc3 23. Be3 Nd2+ 24. Bxd2 cxd2 25. Qa3 Qc3 26. Qxc3 Bxc3 27. Ne2 Bb4
28. Kf2 Bc5+ 0-1

[Event "Campionatul National de sah pe echipe f"]
[Site "Mamaia-Constanta"]
[Date "2013.09.07"]
[Round "8.1"]
[White "Marin, Irina-Luiza"]
[Black "Foisor, Cristina-Adela"]
[Result "1/2-1/2"]
[WhiteElo "2130"]
[BlackElo "2391"]
[PlyCount "20"]
[EventDate "2013.08.31"]
[EventRounds "9"]
[WhiteTeam "CLUBUL CENTRAL DE SAH BUCURESTI"]
[BlackTeam "CS AEM LUXTEN TIMISOARA"]

1. c4 c5 2. g3 g6 3. Bg2 Bg7 4. Nf3 Nf6 5. O-O O-O 6. Nc3 Nc6 7. d3 d6 8. Bd2
Bd7 9. a3 a6 10. Rb1 Rb8 1/2-1/2

[Event "Campionatul National de sah pe echipe f"]
[Site "Mamaia-Constanta"]
[Date "2013.09.07"]
[Round "8.2"]
[White "Voicu-Jagodzinsky, Carmen"]
[Black "Baciu, Anca-Otilia"]
[Result "1-0"]
[WhiteElo "2296"]
[BlackElo "2126"]
[PlyCount "115"]
[EventDate "2013.08.31"]
[EventRounds "9"]
[WhiteTeam "CS AEM LUXTEN TIMISOARA"]
[BlackTeam "CLUBUL CENTRAL DE SAH BUCURESTI"]

1. e4 c5 2. Nf3 e6 3. d4 cxd4 4. Nxd4 Nf6 5. Nc3 d6 6. Be2 a6 7. f4 Qc7 8. O-O
Be7 9. Kh1 Nc6 10. Be3 O-O 11. a4 Rd8 12. Qe1 Bd7 13. Qf2 Nb4 14. Bf3 g6 15. e5
Ne8 16. a5 Rdc8 17. Nb3 Bc6 18. Bb6 Qd7 19. Bg4 Nd5 20. Bd4 Nxc3 21. Bxc3 Bf8
22. exd6 Qxd6 23. Rad1 Qe7 24. Nd4 Nf6 25. Nxc6 Rxc6 26. Bf3 Rc4 27. Bxf6 Qxf6
28. Bxb7 Rb8 29. Bxa6 Ra4 30. c3 Rxa5 31. Bd3 Bc5 32. Qe2 Bd6 33. Bxg6 Bxf4 34.
Bxh7+ Kxh7 35. Qe4+ Rf5 36. Rxf4 Rxb2 37. Rdf1 Qg6 38. Rxf5 exf5 39. Qf3 f4 40.
c4 Rc2 41. Qd5 Kg7 42. c5 f3 43. Qxf3 Rxc5 44. h3 Rc2 45. Kh2 Qd6+ 46. Kh1 Qg6
47. Qd5 Kh6 48. Rf4 f5 49. Rh4+ Kg7 50. Qb7+ Kf6 51. Ra4 Re2 52. Ra6+ Re6 53.
Rxe6+ Kxe6 54. Qc6+ Kf7 55. Qxg6+ Kxg6 56. Kh2 Kh5 57. Kg3 Kg5 58. Kf3 1-0

[Event "Campionatul National de sah pe echipe f"]
[Site "Mamaia-Constanta"]
[Date "2013.09.07"]
[Round "8.4"]
[White "Cosman, Andreea-Marioara"]
[Black "Vasilescu, Maria"]
[Result "0-1"]
[WhiteElo "1944"]
[BlackElo "1880"]
[PlyCount "86"]
[EventDate "2013.08.31"]
[EventRounds "9"]
[WhiteTeam "CS AEM LUXTEN TIMISOARA"]
[BlackTeam "CLUBUL CENTRAL DE SAH BUCURESTI"]

1. d4 f5 2. g3 g6 3. Bg2 Nf6 4. Nf3 Bg7 5. O-O O-O 6. c3 d6 7. Qb3+ d5 8. Bf4
e6 9. Nbd2 h6 10. h4 Nbd7 11. c4 c6 12. Bh3 Kh7 13. Qa3 Ne4 14. Qe3 Qe7 15.
Rfd1 c5 16. Nxe4 fxe4 17. Ne5 cxd4 18. Qxd4 g5 19. cxd5 exd5 20. Qxd5 Nf6 21.
Qd4 gxf4 22. Bg2 Bf5 23. gxf4 Rfd8 24. Qc4 Rac8 25. Qa4 Qc5 26. Qb3 Rxd1+ 27.
Qxd1 Nd5 28. e3 Nf6 29. Qb3 Rc7 30. a3 Nd7 31. Nxd7 Rxd7 32. Rb1 Bf6 33. h5 b6
34. Qa4 Qd5 35. b3 Qd3 36. Rc1 b5 37. Qb4 Be7 38. Qc3 Bxa3 39. Qxd3 exd3 40.
Rd1 d2 41. e4 Be6 42. e5 Bxb3 43. Be4+ Kg7 0-1

[Event "Campionatul National de sah pe echipe f"]
[Site "Mamaia-Constanta"]
[Date "2013.09.07"]
[Round "8.1"]
[White "Raeva, Elitsa"]
[Black "Florea, Dorina"]
[Result "1-0"]
[WhiteElo "2292"]
[BlackElo "1863"]
[PlyCount "75"]
[EventDate "2013.08.31"]
[EventRounds "9"]
[WhiteTeam "CS  SÎNANDREI"]
[BlackTeam "CS UNIVERSITATEA ARAD"]

1. c4 Nf6 2. Nc3 e6 3. Nf3 d5 4. d4 c6 5. Bg5 Be7 6. e3 h6 7. Bf4 Bd6 8. Ne5
Bc7 9. Bd3 Nbd7 10. O-O Nxe5 11. dxe5 Nd7 12. cxd5 Nxe5 13. dxc6 Nxc6 14. Bxc7
Qxc7 15. Bc2 O-O 16. Qd3 g6 17. Qc4 Bd7 18. Rad1 Rad8 19. Qh4 Kg7 20. Be4 a6
21. Rd2 f5 22. Bb1 Bc8 23. Rfd1 Rxd2 24. Rxd2 Rd8 25. Rxd8 Qxd8 26. Qxd8 Nxd8
27. Na4 Bd7 28. Nc5 Bc6 29. Bc2 e5 30. f3 Kf6 31. Kf2 g5 32. g3 Ne6 33. Nxe6
Kxe6 34. f4 a5 35. Ke2 Bd5 36. a3 e4 37. Kd2 gxf4 38. gxf4 1-0

[Event "Campionatul National de sah pe echipe f"]
[Site "Mamaia-Constanta"]
[Date "2013.09.07"]
[Round "8.2"]
[White "Olea, Liliana"]
[Black "Ionica, Iulia-Ionela"]
[Result "1/2-1/2"]
[WhiteElo "1888"]
[BlackElo "2195"]
[PlyCount "77"]
[EventDate "2013.08.31"]
[EventRounds "9"]
[WhiteTeam "CS UNIVERSITATEA ARAD"]
[BlackTeam "CS  SÎNANDREI"]

1. e4 c5 2. g3 d5 3. d3 Nc6 4. Bg2 Nf6 5. Nc3 dxe4 6. dxe4 Qxd1+ 7. Nxd1 Nd4 8.
Ne3 Ng4 9. Nxg4 Bxg4 10. f3 Be6 11. Kd1 Rd8 12. Bd2 g6 13. c3 Nc6 14. Kc2 Bg7
15. Nh3 O-O 16. Nf4 Bc4 17. b3 Ba6 18. Bf1 Bxf1 19. Rhxf1 b5 20. Rad1 b4 21.
cxb4 cxb4 22. Nd5 a5 23. Bg5 Rc8 24. Kb1 f6 25. Be3 f5 26. Rc1 Kf7 27. Nb6 Rc7
28. exf5 gxf5 29. Nd5 Rd7 30. Rxc6 Rxd5 31. Rc5 Rfd8 32. Rxd5 Rxd5 33. Kc2 Bc3
34. Rd1 Re5 35. Kd3 h5 36. h3 Re6 37. g4 hxg4 38. hxg4 fxg4 39. fxg4 1/2-1/2

[Event "Campionatul National de sah pe echipe f"]
[Site "Mamaia-Constanta"]
[Date "2013.09.07"]
[Round "8.3"]
[White "Rendi, Eva"]
[Black "Berintan, Teodora"]
[Result "1-0"]
[WhiteElo "2101"]
[BlackElo "1849"]
[PlyCount "71"]
[EventDate "2013.08.31"]
[EventRounds "9"]
[WhiteTeam "CS  SÎNANDREI"]
[BlackTeam "CS UNIVERSITATEA ARAD"]

1. e4 b6 2. d4 Bb7 3. Nc3 e6 4. Bd3 Nf6 5. Nf3 Bb4 6. Qe2 Bxc3+ 7. bxc3 c5 8.
O-O d6 9. e5 Nd5 10. c4 Nb4 11. Be4 d5 12. cxd5 Nxd5 13. Bg5 Qc7 14. Bxd5 Bxd5
15. c4 Bb7 16. d5 exd5 17. cxd5 Bxd5 18. Rfd1 Bxf3 19. Qxf3 Nc6 20. e6 O-O 21.
Rd7 Qe5 22. exf7+ Kh8 23. Rad1 Nd4 24. Qg4 h6 25. Be3 Nc2 26. Bc1 Nb4 27. Qg6
Nxa2 28. Bxh6 Nc3 29. Bg5 Ne2+ 30. Kh1 Nf4 31. Bxf4 Qxf4 32. R7d3 Rxf7 33. Rh3+
Kg8 34. Qh7+ Kf8 35. Qh8+ Ke7 36. Qxa8 1-0

[Event "Campionatul National de sah pe echipe f"]
[Site "Mamaia-Constanta"]
[Date "2013.09.07"]
[Round "8.4"]
[White "Firaru, Roxana-Maria"]
[Black "Nevednicii, Alexandra"]
[Result "1/2-1/2"]
[WhiteElo "1684"]
[BlackElo "1682"]
[PlyCount "127"]
[EventDate "2013.08.31"]
[EventRounds "9"]
[WhiteTeam "CS UNIVERSITATEA ARAD"]
[BlackTeam "CS  SÎNANDREI"]

1. e4 e5 2. Nf3 Nc6 3. d4 exd4 4. Bc4 d6 5. Nxd4 Ne5 6. Bb5+ c6 7. Be2 Nf6 8.
Nc3 Be7 9. O-O O-O 10. Bg5 h6 11. Bh4 Nxe4 12. Bxe7 Nxc3 13. Bxd8 Nxd1 14. Bc7
Nxb2 15. Bxd6 Re8 16. Rae1 Ng6 17. Bh5 Rd8 18. Bxg6 fxg6 19. Be5 Nc4 20. Nb3
Bf5 21. Bc3 Re8 22. Nd4 Na3 23. Nxf5 gxf5 24. Rxe8+ Rxe8 25. Rd1 Nb5 26. Ba1
Re7 27. Kf1 Na3 28. Rd2 Kf7 29. Bc3 Nb1 30. Rd3 Nxc3 31. Rxc3 Kf6 32. g3 Ke6
33. Re3+ Kd6 34. Rd3+ Ke6 35. Re3+ Kf6 36. Rd3 Kg5 37. h4+ Kf6 38. Rd6+ Ke5 39.
Rd3 f4 40. g4 b5 41. Ke2 g5 42. hxg5 hxg5 43. Kf3 a5 44. a4 b4 45. Rd8 Kf6 46.
Rf8+ Kg7 47. Rf5 Kg6 48. Rxa5 Re1 49. Ra6 Ra1 50. Rxc6+ Kf7 51. Rc5 Kf6 52. a5
Ra2 53. Rc6+ Ke5 54. Rc5+ Kd4 55. Rxg5 Rxc2 56. Rg8 Ra2 57. Rd8+ Kc3 58. Rc8+
Kd3 59. Rb8 Kc3 60. g5 Rxa5 61. Kxf4 b3 62. g6 Ra7 63. Kf5 b2 64. f4 1/2-1/2

[Event "Campionatul National de sah pe echipe f"]
[Site "Mamaia-Constanta"]
[Date "2013.09.07"]
[Round "8.1"]
[White "Papp, Petra"]
[Black "Cosma, Elena-Luminita"]
[Result "1/2-1/2"]
[WhiteElo "2276"]
[BlackElo "2328"]
[PlyCount "34"]
[EventDate "2013.08.31"]
[EventRounds "9"]
[WhiteTeam "CSM LUGOJ"]
[BlackTeam "ACS SAH APA NOVA BUCURESTI"]

1. e4 e6 2. d4 d5 3. Nc3 Bb4 4. e5 c5 5. a3 Bxc3+ 6. bxc3 Qc7 7. Qg4 f5 8. Qg3
Nc6 9. Nf3 cxd4 10. cxd4 Nge7 11. Be2 O-O 12. O-O Bd7 13. Bh6 Ng6 14. Bd2 Nge7
15. Bh6 Ng6 16. Bd2 Nge7 17. Bh6 Ng6 1/2-1/2

[Event "Campionatul National de sah pe echipe f"]
[Site "Mamaia-Constanta"]
[Date "2013.09.07"]
[Round "8.2"]
[White "Chirita, Andra-Marina"]
[Black "Jicman, Ligia-Letitia"]
[Result "0-1"]
[WhiteElo "2024"]
[BlackElo "2143"]
[PlyCount "182"]
[EventDate "2013.08.31"]
[EventRounds "9"]
[WhiteTeam "ACS SAH APA NOVA BUCURESTI"]
[BlackTeam "CSM LUGOJ"]

1. d4 Nf6 2. Nf3 c5 3. d5 e6 4. c4 exd5 5. cxd5 d6 6. Nc3 g6 7. Qc2 Bg7 8. e4
O-O 9. Be2 b6 10. O-O Ba6 11. Re1 Re8 12. Nd2 Bxe2 13. Rxe2 Na6 14. a3 Nc7 15.
a4 Ng4 16. Nc4 Ne5 17. Nxe5 Bxe5 18. Be3 a6 19. f4 Bg7 20. Qd3 b5 21. Rae1 Qd7
22. axb5 axb5 23. Bf2 c4 24. Qd2 b4 25. Nb1 Qb5 26. Bd4 Bxd4+ 27. Qxd4 Ra1 28.
Kf2 Qa6 29. Nd2 Rxe1 30. Rxe1 Qa2 31. Re2 c3 32. bxc3 b3 33. Qc4 Qa7+ 34. Qd4
Qb7 35. Qb4 Qa7+ 36. Kg3 Rb8 37. Qxd6 b2 38. Nb1 Ne8 39. Qe5 Ng7 40. c4 Rb3+
41. Kh4 Qg1 42. g3 Qd1 43. Rd2 Qf3 44. Kh3 Nh5 45. Qe8+ Kg7 46. Qe5+ Kg8 47.
Qe8+ Kg7 48. Qe5+ Kf8 49. Qh8+ Ke7 50. Qe5+ Kd7 51. d6 Nxf4+ 52. Kh4 Ne6 53.
Kh3 g5 54. Qf5 h5 55. Qxf3 Rxf3 56. Kg2 Rb3 57. e5 Nc5 58. Rd5 Kc6 59. Kf1 Rb4
60. Rd4 Nd7 61. Re4 Kc5 62. Re2 Kxc4 63. Rc2+ Kd5 64. Rd2+ Kxe5 65. Ke2 Ke6 66.
Kd1 Rb7 67. Kc2 Ne5 68. Kc3 Nf3 69. Rd1 Rd7 70. Kxb2 Rxd6 71. Rh1 Kf5 72. h3
Ke4 73. Kc2 Ke3 74. Nc3 Rc6 75. Rf1 f5 76. Kb2 Rc8 77. Rd1 Rb8+ 78. Kc2 Nd4+
79. Kc1 Nf3 80. Rf1 Rb3 81. Nd1+ Ke2 82. Rf2+ Ke1 83. Rc2 Nd4 84. Rc4 Ne2+ 85.
Kc2 Rxg3 86. h4 g4 87. Nb2 f4 88. Nd3+ Kf1 89. Nxf4 Nxf4 90. Rxf4+ Rf3 91. Rd4
g3 0-1

[Event "Campionatul National de sah pe echipe f"]
[Site "Mamaia-Constanta"]
[Date "2013.09.07"]
[Round "8.3"]
[White "Craciun, Paula-Iulia"]
[Black "Ilie, Maria-Ruxandra"]
[Result "1/2-1/2"]
[WhiteElo "2117"]
[BlackElo "2011"]
[PlyCount "121"]
[EventDate "2013.08.31"]
[EventRounds "9"]
[WhiteTeam "CSM LUGOJ"]
[BlackTeam "ACS SAH APA NOVA BUCURESTI"]

1. e4 c5 2. Nf3 e6 3. c3 d5 4. exd5 Qxd5 5. d4 Nf6 6. Be3 cxd4 7. cxd4 Bb4+ 8.
Nc3 O-O 9. Bd3 b6 10. O-O Bxc3 11. bxc3 Ba6 12. Bxa6 Nxa6 13. Qa4 Qb7 14. c4
Rac8 15. Rac1 Nb8 16. Rfd1 Rfd8 17. Bg5 Nbd7 18. Qb3 h6 19. Bh4 Qc6 20. a4 Re8
21. Bg3 Ne4 22. Qb5 Nxg3 23. hxg3 Red8 24. Rd2 g5 25. Rdc2 g4 26. Nd2 Nf6 27.
Nb3 Kg7 28. c5 h5 29. cxb6 Qxb5 30. axb5 Rxc2 31. Rxc2 axb6 32. Rc6 Nd5 33. Nd2
Ra8 34. Nc4 Ra1+ 35. Kh2 Rb1 36. Nxb6 Rxb5 37. Nxd5 Rxd5 38. Rc4 Kf6 39. f3 Rf5
40. Rc3 Ke7 41. Kg1 Kd6 42. Kf2 Ra5 43. Rc2 Kd5 44. Rd2 Ra3 45. Ke2 Kc4 46. Rd1
Ra2+ 47. Kf1 Rc2 48. Kg1 Rc3 49. Kf2 Rd3 50. Ra1 Rxd4 51. Ra4+ Kc3 52. Ra3+ Kb4
53. Ra7 f5 54. Rh7 Rd2+ 55. Kg1 Kc4 56. Rxh5 gxf3 57. gxf3 Kd4 58. Rh6 Ke3 59.
Rxe6+ Kxf3 60. Re5 Kxg3 61. Rxf5 1/2-1/2

[Event "Campionatul National de sah pe echipe f"]
[Site "Mamaia-Constanta"]
[Date "2013.09.07"]
[Round "8.4"]
[White "Serbanescu, Diana-Maria"]
[Black "Lolici, Iselin-Amanda"]
[Result "1-0"]
[WhiteElo "1941"]
[BlackElo "1931"]
[PlyCount "65"]
[EventDate "2013.08.31"]
[EventRounds "9"]
[WhiteTeam "ACS SAH APA NOVA BUCURESTI"]
[BlackTeam "CSM LUGOJ"]

1. e4 c5 2. c3 e5 3. Nf3 Nc6 4. Bb5 Qe7 5. O-O a6 6. Bxc6 dxc6 7. d3 h6 8. h3
Nf6 9. Re1 g6 10. Be3 Bg7 11. Qd2 Nd7 12. a4 Nf8 13. a5 Ne6 14. Na3 g5 15. Nc4
Nf4 16. Bxf4 gxf4 17. d4 cxd4 18. cxd4 f6 19. Nb6 Rb8 20. Nh4 Rg8 21. Nxc8 Rxc8
22. Nf5 Qd7 23. Red1 Bf8 24. Qe2 Qf7 25. dxe5 fxe5 26. Rd6 Rd8 27. Rxd8+ Kxd8
28. Rd1+ Kc7 29. Qd2 Bc5 30. Nxh6 Rxg2+ 31. Kxg2 Qg7+ 32. Ng4 f3+ 33. Kxf3 1-0

[Event "Campionatul National de sah pe echipe f"]
[Site "Mamaia-Constanta"]
[Date "2013.09.07"]
[Round "8.1"]
[White "Adam, Andrea"]
[Black "Cmilyte, Viktorija"]
[Result "0-1"]
[WhiteElo "1921"]
[BlackElo "2497"]
[PlyCount "71"]
[EventDate "2013.08.31"]
[EventRounds "9"]
[WhiteTeam "CSS TG. MURES"]
[BlackTeam "CS POLITEHNICA-ANTIBIOTICE IASI"]

1. e4 c5 2. c3 d6 3. d4 Nf6 4. Bd3 g6 5. Ne2 Bg7 6. O-O O-O 7. Be3 Nc6 8. dxc5
Ng4 9. cxd6 Qxd6 10. Bf4 Be5 11. Bg3 Rd8 12. Bc2 Qc5 13. Qc1 b6 14. Nd2 Bxg3
15. Nxg3 Ba6 16. Nb3 Qe5 17. Rd1 Qf6 18. Rxd8+ Rxd8 19. Qe1 h5 20. h3 Nge5 21.
Rd1 h4 22. Rxd8+ Nxd8 23. Ne2 Ne6 24. Qd2 Bxe2 25. Qxe2 Nf4 26. Qf1 Qg5 27. Kh2
Nc4 28. g3 hxg3+ 29. fxg3 Nh5 30. Qf3 Nxb2 31. h4 Qe5 32. Nd4 Nc4 33. Bb3 Qc5
34. Kh3 Ne5 35. Qe3 Nf6 36. Qg5 0-1

[Event "Campionatul National de sah pe echipe f"]
[Site "Mamaia-Constanta"]
[Date "2013.09.07"]
[Round "8.2"]
[White "Bulmaga, Irina"]
[Black "Jakab, Tunde"]
[Result "1-0"]
[WhiteElo "2410"]
[BlackElo "1777"]
[PlyCount "65"]
[EventDate "2013.08.31"]
[EventRounds "9"]
[WhiteTeam "CS POLITEHNICA-ANTIBIOTICE IASI"]
[BlackTeam "CSS TG. MURES"]

1. e4 e5 2. Nf3 Nc6 3. Bc4 Bc5 4. c3 Nf6 5. d3 d6 6. Bb3 O-O 7. O-O h6 8. Nbd2
Nh7 9. Nc4 a6 10. Ne3 Kh8 11. d4 exd4 12. cxd4 Ba7 13. a3 Ne7 14. Bc2 Ng6 15.
Nf5 Bxf5 16. exf5 Ne7 17. Qd3 Nd5 18. h3 Rg8 19. Qb3 Nb6 20. Qxf7 Rf8 21. Qg6
Nd5 22. Qg3 Qf6 23. Nh4 Ne7 24. Re1 Rfe8 25. Rxe7 Rxe7 26. Ng6+ Kg8 27. Nxe7+
Qxe7 28. Be3 Qf6 29. Rd1 Re8 30. h4 Nf8 31. Qh3 c5 32. Bb3+ Kh8 33. Bg5 1-0

[Event "Campionatul National de sah pe echipe f"]
[Site "Mamaia-Constanta"]
[Date "2013.09.07"]
[Round "8.3"]
[White "Sonfalean, Maria-Laura"]
[Black "L'ami, Alina"]
[Result "0-1"]
[WhiteElo "1581"]
[BlackElo "2358"]
[PlyCount "52"]
[EventDate "2013.08.31"]
[EventRounds "9"]
[WhiteTeam "CSS TG. MURES"]
[BlackTeam "CS POLITEHNICA-ANTIBIOTICE IASI"]

1. e4 e6 2. d4 d5 3. exd5 exd5 4. Bd3 Nc6 5. c3 Bd6 6. Ne2 Bg4 7. O-O Nge7 8.
f3 Bh5 9. Bf4 Bg6 10. Qc2 Bxd3 11. Qxd3 Bxf4 12. Nxf4 Qd6 13. Qe3 O-O 14. Nd3
Rfe8 15. Re1 a5 16. a4 Nd8 17. Nd2 Ne6 18. f4 Nf8 19. Qf3 Nd7 20. Ne5 Nxe5 21.
dxe5 Qb6+ 22. Qe3 Qxb2 23. Rab1 Qc2 24. Rxb7 Nf5 25. Qf2 Qxc3 26. Nf3 d4 0-1

[Event "Campionatul National de sah pe echipe f"]
[Site "Mamaia-Constanta"]
[Date "2013.09.07"]
[Round "8.4"]
[White "Padurariu, Ioana-Smaranda"]
[Black "Petculescu, Carina-Stefania"]
[Result "1-0"]
[WhiteElo "2205"]
[BlackElo "1001"]
[PlyCount "67"]
[EventDate "2013.08.31"]
[EventRounds "9"]
[WhiteTeam "CS POLITEHNICA-ANTIBIOTICE IASI"]
[BlackTeam "CSS TG. MURES"]

1. e4 e5 2. Nf3 Nc6 3. Bb5 a6 4. Ba4 Nf6 5. d3 d6 6. c3 b5 7. Bc2 Be7 8. O-O
O-O 9. Nbd2 Be6 10. d4 Bg4 11. d5 Na5 12. h3 Bh5 13. Qe2 Qd7 14. Rd1 c5 15.
dxc6 Nxc6 16. Nf1 Qc7 17. Bb3 Nd7 18. Ne3 Nc5 19. Nd5 Qd8 20. Bc2 Bf6 21. b4
Ne6 22. Nxf6+ Qxf6 23. g4 Bg6 24. Ne1 Nf4 25. Qf3 h5 26. Ng2 Ne7 27. Nxf4 exf4
28. Bxf4 hxg4 29. hxg4 Rad8 30. Bd3 Bh7 31. Qe3 Qh4 32. f3 Nc8 33. Kg2 Kh8 34.
Bg5 1-0

[Event "Campionatul National de sah pe echipe f"]
[Site "Mamaia-Constanta"]
[Date "2013.09.07"]
[Round "8.3"]
[White "Dragomirescu, Angela"]
[Black "Anusca, Madalina-Maria"]
[Result "1-0"]
[WhiteElo "2242"]
[BlackElo "2042"]
[PlyCount "53"]
[EventDate "2013.08.31"]
[EventRounds "9"]
[WhiteTeam "CS STUD. MEDICINA TIMISOARA"]
[BlackTeam "CSM BUCURESTI"]

1. d4 e6 2. g3 c5 3. Nf3 Nf6 4. Bg2 Nc6 5. O-O d5 6. c4 dxc4 7. Qa4 Bd7 8. Qxc4
cxd4 9. Nxd4 Rc8 10. Nc3 Be7 11. Rd1 Nxd4 12. Qxd4 Bc5 13. Qh4 Qb6 14. g4 Bc6
15. Bxc6+ Qxc6 16. g5 Nd7 17. Ne4 O-O 18. Bd2 Be7 19. Bc3 f6 20. Rd3 f5 21. Ng3
Rf7 22. Nh5 Nf8 23. Rad1 Qb5 24. Qf4 Qc4 25. h4 g6 26. Qe5 Bf6 27. Nxf6+ 1-0